Principales artères et zones de palpation des pouls - Statistiques

Statistiques générales
  • Ce quiz a été pris 110 fois
  • Le résultat moyen est 7 sur 32
Statistiques - réponses
Hint Réponse % Correct
Artère fémorale
72%
Avant bras
Artère radiale
72%
Artère ulnaire
64%
Artère subclavière
44%
Bas du corps( du bassin aux orteils)
Artère iliaque externe
42%
Artère iliaque interne
42%
Artère axillaire
39%
Artère rénale
39%
Artère poplitée
36%
Artère tibiale postérieure
36%
Artère tibiale antérieure
33%
Artère fibulaire
31%
Artère iliaque commune
28%
Tronc
Arc aortique
19%
Artère mésentérique inférieure
14%
Artère mésentérique supérieure
14%
Artère dorsale du pied
11%
Tronc coeliaque
11%
Arcade plantaire
8%
Arcades palmaire
8%
Bas du coup
Pouls de l'artère carotide
8%
Au niveau du : Haut du cou
Pouls de l'artère faciale
8%
Aorte thoracique descendante
6%
Clavicules
Artère carotides communes droite et gauche
6%
Artère profonde de la cuisse ( fémorale profonde )
6%
Pouls de l'artère brachiale
3%
Pouls de l'artère fémorale
3%
Pouls de l'artère poplitée
3%
Pouls de l'artère radiale
3%
Pouls de l'artère tibiale postérieure
3%
Pouls de l'artère ulnaire
3%
Pouls de l'artère dorsale du pied
0%
Aucun quiz correspondant
Distribution des résultats
% des personnes avec chaque résultat
Percentile par nombre de réponses
Votre historique - résultats
Vous n’avez pas pris ce quiz